000 00398nam a22001457a 4500
008 240426b ||||| |||| 00| 0 eng d
020 _a9789951914642
041 _aSHQIP
080 _22023
_a616.31
082 _a616.31REX
100 _a12
101 _aSTOMATOLOGJI
245 _aSHENDETI ORAL DHE TRAJTIMI STOMATOLOGJIK I FEMIJEVE ME SEMUNDJE TE ZEMRES
_cAIDA NAMANI REXHEPI
942 _2udc
_cBK
999 _c60626
_d60626